| 000 | 00000nam##2200000za#4500 |
| 001 | 9.604462 |
| 003 | CaOODSP |
| 005 | 20250403105158 |
| 007 | cr ||||||||||| |
| 008 | 150406|1997||||xxc|||||o f|0| 0 fre|d |
| 022 | |a1205-9161 |
| 040 | |aCaOODSP|bfre |
| 043 | |an-cn--- |
| 086 | 1 |aCS11-0019/66F-PDF |
| 245 | 00|aMesures d'inégalité divergentes : |h[ressource électronique]|bthéorie et résultats empiriques / |cpar Michael C. Wolfson. |
| 250 | |aRevisé |
| 260 | |aOttawa - Ontario : |bStatistique Canada |cJuillet 1997. |
| 300 | |a36p.|bfigures, graphiques, références, tableaux |
| 490 | 1 |aDocuments de recherche - Direction des études analytiques|x1205-9161|vN° 66 |
| 500 | |aLe n° de catalogue (11F0019MPF), l'ISBN (0-662-99165-6) et l'ISSN (1200-5231) de l'édition imprimée ont été incorrectement copiés dans l'édition électronique. |
| 590 | |a12-34-Supp|b2012-07-31 |
| 710 | 2 |aStatistique Canada. |
| 720 | 1 |aWolfson, Michael C. |
| 775 | 08|tDivergent inequalities : |w(CaOODSP)9.574727 |
| 830 | #0|aDocuments de recherche (Statistique Canada. Direction des études analytiques)|x1205-9161|vN° 66|w(CaOODSP)9.500842 |
| 856 | 40|ahttp://publications.gc.ca|qPDF|s129 Ko|uhttps://publications.gc.ca/collections/collection_2012/statcan/11f0019m/11f0019m1997066-fra.pdf|yN° 66 |